00195nam a2200085 4500082001200000100002100012245002200033260004600055300000800101 a540 BLU aAvrom A.Blumberg aForm and Function aNew YorkbMcGraqw Hill Book Companyc1972 a705